Information concerning the Programme and Budget for 1996-97 and other financial and administrative questions second item on the agenda: Programme and budget proposals and other financial questions report 2

Bibliographic Details
Corporate Author: Medzinárodná organizácia práce (Author)
Format: Book
Language:English
PhysicalDescription:v, 8 s. 30 cm
Published: Geneva International Labour Office 1996
ISBN:922109863X
ISSN:0074-6681
Series:International Labour Conference
Subjects:

MARC

LEADER 00000nam a2200000 a 4500
001 vtls001218381
003 SK-MaSNL
005 20260301112437.0
008 251113s1996 CH 0 eng
020 |a 922109863X  |c [248,00] 
035 |a SNK000161922 
040 |a SNK  |b slo  |c SNK  |e AACR2 
044 |a CH 
080 |a 061.2(100):331  |2 1981 
110 0 |a Medzinárodná organizácia práce  |4 aut  |9 18131 
245 1 |a Information concerning the Programme and Budget for 1996-97 and other financial and administrative questions  |b second item on the agenda: Programme and budget proposals and other financial questions  |n report 2 
260 |a Geneva  |b International Labour Office  |c 1996 
300 |a v, 8 s.  |c 30 cm 
490 1 |a International Labour Conference  |x 0074-6681  |v 83 session 1996 
610 0 7 |a Medzinárodná organizácia práce  |a Ženeva, Švajčiarsko  |x program  |x rozpočet  |y r.1996-1997  |2 SNK  |9 453154 
611 1 7 |a Medzinárodná organizácia práce  |a Ženeva, Švajčiarsko  |x program  |x rozpočet  |y r.1996-1997  |2 SNK  |9 453155 
830 0 |a International Labour Conference  |9 282922 
919 |a 92-2-109863-X 
999 |c 710596  |d 712526 
952 |t P60, <04>, [BOOK], {604}  |a SNK  |b SNK  |y VYP  |7 0  |p 17A0006688  |o snkOIB 2383  |i snkV 1023/96  |0 0  |1 0  |4 0  |d 1996-07-04  |l 0  |r 2005-01-01 00:00:00  |w 2026-02-23